Das Sonnenheiligtum des Königs Userkaf

محفوظ في:

المؤلف الرئيسي: Herbert Ricke

التنسيق: كتاب

اللغة: Undetermined

منشور في: 1965

الوسوم: إضافة وسم

لا توجد وسوم, كن أول من يضع وسما على هذه التسجيلة!

رقم الطلب: NA215 .B4 v.8

LEADER 00491nam a2200145Ia 4500
008 220904s9999||||xx |||||||||||||| ||und||
050 |a NA215 .B4 v.8 
100 1 |a Herbert Ricke 
245 1 0 |a Das Sonnenheiligtum des Königs Userkaf  |c Herbert Ricke 
264 1 |c 1965 
300 |a 148p.  |c 31cm. 
504 |a Sonderdr. in: ZDMG 122. 
942 |2 lcc  |c BK 
952 |0 0  |1 0  |2 lcc  |4 0  |6 NA0215 B4 V.00008  |7 1  |9 42770  |a ARCE  |b ARCE  |d 2022-09-04  |l 0  |o NA215 .B4 v.8  |r 2022-09-04 00:00:00  |w 2022-09-04  |y BK 
999 |c 49443  |d 49443